Catalog

Record Details

Catalog Search



Tender betrayal [Large Print] / Rosanne Bittner.

Available copies

  • 1 of 1 copy available at LARL/NWRL Consortium. (Show)
  • 1 of 1 copy available at Northwest Regional Library.

Current holds

0 current holds with 1 total copy.

Show Only Available Copies
Location Call Number / Copy Notes Barcode Shelving Location Status Due Date
Grygla LINK Site lp BIT (Text) 35500002973558 Main Available -

Record details

  • ISBN: 0786200693 (HC : alk. paper)
  • Physical Description: 708 p.(large print) 24 cm.
  • Publisher: Thorndike, Me. : Thorndike Press, 1994.
Subject: United States > History > Civil War, 1861-1865 > Fiction.
Man-woman relationships > Louisiana > Fiction.
Genre: Large type books.
Historical fiction.
Love stories.
LDR 01065cam a22003018a 4500
00113745
003LARL_NWRL_CONSORTIUM
00519930930155713.3
008930928r19941993meu d 000 1 eng
010 . ‡a93033651
020 . ‡a0786200693 (HC : alk. paper)
035 . ‡a(OCoLC)29026536
03500. ‡ilcmarc/ARO-1421/DEBORAH
040 . ‡aDLC ‡cDLC
043 . ‡an-us-la ‡an-us---
08200. ‡a813/.54 ‡220
099 . ‡aBit
1001 . ‡aBittner, Rosanne, ‡d1945- ‡0(LARL_NWRL_CONSORTIUM)103991
24510. ‡aTender betrayal ‡h[Large Print] / ‡cRosanne Bittner.
260 . ‡aThorndike, Me. : ‡bThorndike Press, ‡c1994.
300 . ‡a708 p.(large print) ‡c24 cm.
651 0. ‡aUnited States ‡xHistory ‡yCivil War, 1861-1865 ‡vFiction. ‡0(LARL_NWRL_CONSORTIUM)163006
650 0. ‡aMan-woman relationships ‡zLouisiana ‡vFiction.
655 0. ‡aLarge type books.
655 7. ‡aHistorical fiction. ‡2gsafd
655 7. ‡aLove stories. ‡2gsafd
901 . ‡a13745 ‡bOCLC ‡c13745 ‡tbiblio

Additional Resources